000 00459nam a2200109Ia 4500
008 160909s9999 xx 000 0 und d
100 _aSchnagl, Gregory A.
245 _aPerceptions of newly hired, experienced public elementary school teachers on joining an existing grade-level team: A phenomenological study
260 _bSaint Mary's University of Minnesota.
_c2016
650 _aNursing
856 _uhttp://pqdtopen.proquest.com/doc/1786276676.html?FMT=ABS
999 _c303977
_d303977